| 000 | 00662cam a22002291 4500 | ||
|---|---|---|---|
| 001 | sa 68002985 | ||
| 003 | DLC | ||
| 005 | 20260227112448.0 | ||
| 008 | 800221s1967 ii b 000 0beng | ||
| 010 | _asa 68002985 | ||
| 040 |
_aDLC _cDLC _dDLC |
||
| 050 | 0 | 0 |
_aPL4659.P258 _bZ878 |
| 082 | 0 | 0 | _a894/.8/1411 |
| 100 | 1 |
_aSītārāmayya, Vi., _d1899-1983. |
|
| 245 | 1 | 0 |
_aMahakavi Pampa _c[by] V. Sitaramiah. |
| 260 |
_aBombay, _bPopular Prakashan _c[1967] |
||
| 300 |
_avi, 245 p. _c23 cm. |
||
| 350 | _aRs 20 | ||
| 500 | _aIncludes selections from Pampa's works. | ||
| 504 | _aBibliography: p. 245. | ||
| 600 | 0 | 0 |
_aPampa, _d902- _xCriticism and interpretation. |
| 999 |
_c79144 _d79144 |
||